Wszystkie Przystanki MPK w Dzielnicy V Krowodrza - Statystyki

Ogólne statystyki
  • Ten quiz został rozwiązany 16 razy
  • Średni wynik to 16 z 22
Statystyki odpowiedzi
Odpowiedź % Poprawnych
AGH / UR
100%
Biprostal
100%
Plac Inwalidów
100%
Miasteczko Studenckie AGH
89%
UKEN
89%
Urzędnicza
89%
Czarnowiejska
78%
Armii Krajowej
67%
Głowackiego
67%
Kawiory
67%
Łobzów SKA
67%
Mazowiecka
67%
Muzeum Narodowe
67%
Nowy Kleparz
67%
Przybyszewskiego
67%
Radio Kraków
67%
Wrocławska
67%
Dworzec Towarowy
56%
Szpital Narutowicza
56%
Chopina
44%
Friedleina
44%
Urząd Marszałkowski
44%
Nie znaleziono quizów pasujących do podanych kryteriów
Rozkład punktacji
Procent ludzi z każdym wynikiem
Percentyl według liczby udzielonych odpowiedzi
Twoja historia wyników
Nie rozwiązałeś tego quizu